Phát huy tính tích cực của sinh viên chuyên ngành giáo dục mầm non trong giờ thực hành bộ môn "giáo dục mầm non"

Đã lưu trong:
Sonraí Bibleagrafaíochta
Príomhúdar: Nguyễn, Thị Hòa
Formáid: Leabhar
Teanga:Undetermined
Ábhair:
Rochtain Ar Líne:http://lrc.tdmu.edu.vn/opac/search/detail.asp?aID=2&ID=26892
Clibeanna: Cuir Clib Leis
Gan Chlibeanna, Bí ar an gcéad duine leis an taifead seo a chlibeáil!
Thư viện lưu trữ: Trung tâm Học liệu Trường Đại học Thủ Dầu Một
LEADER 00714nam a2200145Ia 4500
001 TDMU_26892
008 210410s9999 xx 000 0 und d
082 |a 001.4 
100 |a Nguyễn, Thị Hòa 
245 0 |a Phát huy tính tích cực của sinh viên chuyên ngành giáo dục mầm non trong giờ thực hành bộ môn "giáo dục mầm non" 
245 0 |c Nguyễn Thị Hòa 
300 |a Tr.49-52 
650 |a Giáo dục đại học  |x Dạy và học; Giáo dục mầm non; Sinh viên; Thực hành; Tính tích cực 
856 |u http://lrc.tdmu.edu.vn/opac/search/detail.asp?aID=2&ID=26892 
980 |a Trung tâm Học liệu Trường Đại học Thủ Dầu Một